[Event "Thessaloniki White Tower op-A 2nd"]
[Site "Thessaloniki"]
[Date "2023.01.06"]
[Round "7"]
[White "Kourkoulos Arditis, Stamatis"]
[Black "Drenchev, Petar"]
[Result "1/2-1/2"]
[WhiteElo "2537"]
[BlackElo "2342"]
[PlyCount "165"]
[EventDate "2023.01.02"]
[EventType "swiss"]
[EventRounds "9"]
[EventCountry "GRE"]
[SourceTitle "CBM 212 Extra"]
[Source "ChessBase"]
[SourceDate "2023.03.31"]
[SourceVersion "1"]
[SourceVersionDate "2023.03.31"]
[SourceQuality "1"]

1. Nf3 d5 2. g3 Nf6 3. Bg2 e6 4. 0-0 Be7 5. c4 0-0 6. d4 dxc4 7. Qc2 a6 8. a4 Bd7 9. Rd1 Bc6 10. Bg5 Nbd7 11. Nbd2 a5 12. Nxc4 Be4 13. Qb3 h6 14. Bxf6 Nxf6 15. Nfe5 Bd5 16. Bxd5 exd5 17. Ne3 Ra7 18. Nf5 c6 19. Rac1 Re8 20. Rd3 Bf8 21. Rf3 Re6 22. Qe3 Qe8 23. Qf4 b6 24. Rb3 c5 25. dxc5 bxc5 26. Nd3 Re4 27. Qb8 Ra8 28. Qxe8 Raxe8 29. Nxc5 Rc4 30. Rxc4 dxc4 31. Rb5 Rxe2 32. Kf1 Rd2 33. Ke1 Rd8 34. Ne3 Rc8 35. Nb7 c3 36. bxc3 Rxc3 37. Ke2 Ra3 38. Rxa5 Ne4 39. Kf3 Nc3 40. Nc5 Bxc5 41. Rxc5 Nxa4 42. Rc8+ Kh7 43. Rc7 Kg8 44. Ra7 Ra2 45. Nc4 Nc3 46. Rd7 f5 47. Ne3 g6 48. g4 Ne4 49. gxf5 Rxf2+ 50. Kxe4 gxf5+ 51. Nxf5 Rxh2 52. Ke5 Kf8 53. Nd6 h5 54. Rf7+ Kg8 55. Ra7 Kf8 56. Rf7+ Kg8 57. Re7 Re2+ 58. Ne4 Kf8 59. Kf6 Re1 60. Rh7 Ke8 61. Ke5 h4 62. Rxh4 Kd7 63. Rh2 Re3 64. Rd2+ Ke7 65. Ra2 Re1 66. Ra7+ Ke8 67. Kd5 Kf8 68. Nd6 Re2 69. Nc4 Re7 70. Ra1 Re2 71. Ne5 Ke7 72. Ra7+ Kf6 73. Rf7+ Kg5 74. Ke6 Ra2 75. Rf5+ Kh4 76. Rf4+ Kg3 77. Rf3+ Kg2 78. Re3 Kf2 79. Ng4+ Kg2 80. Kf5 Ra5+ 81. Kf4 Ra4+ 82. Kg5 Ra8 83. Rb3 1/2-1/2

[Event "FRM-chT 30th"]
[Site "Struga"]
[Date "2022.10.16"]
[Round "3.3"]
[White "Drenchev, Petar"]
[Black "Bogdanovski, Pece"]
[Result "1/2-1/2"]
[WhiteElo "2344"]
[BlackElo "1918"]
[PlyCount "124"]
[EventDate "2022.10.14"]
[EventType "team-tourn"]
[EventRounds "7"]
[EventCountry "MKD"]
[SourceTitle "CBM 210 Extra"]
[Source "ChessBase"]
[SourceDate "2022.11.30"]
[SourceVersion "1"]
[SourceVersionDate "2022.11.30"]
[SourceQuality "1"]
[WhiteTeam "Gostivar"]
[BlackTeam "Bitola Patako"]
[WhiteTeamCountry "MKD"]
[BlackTeamCountry "MKD"]

1. c4 Nf6 2. Nc3 g6 3. d4 Bg7 4. e4 d6 5. Be2 0-0 6. Nf3 c5 7. d5 e6 8. 0-0 exd5 9. cxd5 Re8 10. Nd2 a6 11. a4 Nbd7 12. Ra3 Rb8 13. a5 Qc7 14. Qc2 Ne5 15. Kh1 Qd8 16. Nd1 Bg4 17. f3 Bd7 18. f4 Neg4 19. h3 Nh6 20. Nc3 Nh5 21. Bxh5 gxh5 22. f5 Ng4 23. Nf3 Ne5 24. Bg5 Bf6 25. Bxf6 Qxf6 26. Nxe5 Qxe5 27. Qd1 b5 28. axb6 Rxb6 29. Rf2 Reb8 30. Qc1 Kh8 31. Qh6 Qg7 32. Qf4 f6 33. Nd1 Rg8 34. Ne3 Bb5 35. Kh2 Re8 36. Nd1 Rg8 37. Rb3 h6 38. Ne3 Rgb8 39. Ra3 Qg5 40. Nd1 Qxf4+ 41. Rxf4 Be2 42. Nc3 Rxb2 43. Rf2 Bd3 44. Rxb2 Rxb2 45. Kg3 Bb5 46. Kf3 c4 47. Ke3 Rxg2 48. h4 Rb2 49. Nxb5 axb5 50. Ra6 c3 51. Rxd6 b4 52. Rc6 Kg7 53. d6 Kf7 54. Rc8 Rd2 55. Rb8 Rxd6 56. Rxb4 Rd1 57. Rb7+ Kg8 58. Rc7 Rh1 59. Rxc3 Rxh4 60. Rc8+ Kg7 61. Rc7+ Kg8 62. Rc8+ Kg7 1/2-1/2

[Event "PNWCC-Bulgaria Memorial Day"]
[Site "Chess.com INT"]
[Date "2022.05.29"]
[Round "?"]
[White "Drenchev, Petar"]
[Black "He, Anthony B"]
[Result "0-1"]
[WhiteElo "2395"]
[BlackElo "2437"]
[PlyCount "78"]
[EventDate "2022.05.28"]
[EventType "team-match"]
[EventRounds "6"]
[EventCountry "USA"]
[SourceTitle "EXT 2024"]
[Source "ChessBase"]
[SourceDate "2023.10.10"]
[SourceVersion "1"]
[SourceVersionDate "2023.10.10"]
[SourceQuality "1"]
[WhiteTeam "Bulgaria"]
[BlackTeam "PNWCC"]
[WhiteTeamCountry "BUL"]
[BlackTeamCountry "USA"]

1. e4 c5 2. Nf3 e6 3. d4 cxd4 4. Nxd4 Nc6 5. Nc3 Qc7 6. g3 a6 7. Bg2 Nf6 8. 0-0 h5 9. Nb3 b5 10. Re1 Bb7 11. a4 bxa4 12. Rxa4 Bd6 13. Rc4 Ng4 14. Nd5 Qd8 15. Ne3 Nxe3 16. Bxe3 Ne5 17. Ra4 Bc7 18. Bc5 Bc6 19. Rd4 g5 20. Nc1 Qf6 21. Nd3 a5 22. c3 h4 23. Bd6 Bxd6 24. Rxd6 Ke7 25. Nxe5 Qxe5 26. Rd4 Rab8 27. Qd2 g4 28. b4 axb4 29. cxb4 hxg3 30. fxg3 Rh7 31. Bf1 Rbh8 32. Re2 Bb5 33. Rf2 Qxg3+ 34. Rg2 Qe5 35. Bxb5 Qxb5 36. e5 Rh5 37. Rdxg4 Qxe5 38. Rd4 d5 39. b5 Rxh2 0-1

[Event "PNWCC vs Europe Hybrid 05"]
[Site "Chess.com INT"]
[Date "2022.05.08"]
[Round "3"]
[White "Drenchev, Petar"]
[Black "Mei, Austin"]
[Result "0-1"]
[WhiteElo "2395"]
[BlackElo "2336"]
[PlyCount "126"]
[EventDate "2022.05.07"]
[EventType "team-tourn"]
[EventRounds "4"]
[EventCountry "USA"]
[SourceTitle "EXT 2023"]
[Source "ChessBase"]
[SourceDate "2022.10.05"]
[SourceVersion "1"]
[SourceVersionDate "2022.10.05"]
[SourceQuality "1"]
[WhiteTeam "Europe"]
[BlackTeam "PNWCC"]
[BlackTeamCountry "USA"]

1. e4 e5 2. Nf3 Nc6 3. d4 exd4 4. Nxd4 Bc5 5. Nxc6 bxc6 6. Bd3 Qh4 7. Qe2 Nf6 8. h3 d5 9. g3 Qh5 10. Qxh5 Nxh5 11. e5 Bd4 12. Nc3 Bxe5 13. 0-0 0-0 14. Kg2 f5 15. Re1 Bd6 16. Ne2 Re8 17. Bd2 Bd7 18. c4 Rab8 19. b3 Nf6 20. f3 g6 21. Rac1 Ba3 22. Rc2 Ne4 23. Ba5 Nc5 24. Rd2 Re3 25. Bc2 Rbe8 26. Kf2 Nb7 27. Bc3 Bc5 28. Bd4 Bxd4 29. Rxd4 Nd6 30. cxd5 cxd5 31. Rxd5 Bb5 32. Rd2 a5 33. h4 Kf7 34. Bb1 Kf6 35. Rc2 Ba6 36. Rd2 h6 37. Bc2 g5 38. hxg5+ hxg5 39. Bb1 R8e6 40. Bc2 Nf7 41. Bd1 Bb7 42. Rf1 Rxf3+ 43. Kg1 Ne5 44. Nd4 Rxf1+ 45. Kxf1 Rd6 46. Ke1 Ba6 47. Be2 Bxe2 48. Kxe2 Ng4 49. Nb5 Rxd2+ 50. Kxd2 Ke5 51. Nxc7 Nf6 52. Ke2 Ne4 53. Kf3 g4+ 54. Kg2 Kd4 55. a3 Nd2 56. b4 a4 57. Ne6+ Kc4 58. Nc5 Kb5 59. Kf2 Nc4 60. Ke2 Nxa3 61. Ne6 Kxb4 62. Nd4 Kc3 63. Nxf5 Nc4 0-1

[Event "PNWCC vs Europe Hybrid 05"]
[Site "Chess.com INT"]
[Date "2022.05.07"]
[Round "1"]
[White "Kiewra, Keaton F"]
[Black "Drenchev, Petar"]
[Result "1-0"]
[WhiteElo "2376"]
[BlackElo "2395"]
[PlyCount "69"]
[EventDate "2022.05.07"]
[EventType "team-tourn"]
[EventRounds "4"]
[EventCountry "USA"]
[SourceTitle "EXT 2023"]
[Source "ChessBase"]
[SourceDate "2022.10.05"]
[SourceVersion "1"]
[SourceVersionDate "2022.10.05"]
[SourceQuality "1"]
[WhiteTeam "PNWCC"]
[BlackTeam "Europe"]
[WhiteTeamCountry "USA"]

1. e4 c5 2. Nf3 d6 3. d4 cxd4 4. Nxd4 Nf6 5. Nc3 g6 6. Be3 Bg7 7. f3 Nc6 8. Qd2 0-0 9. 0-0-0 d5 10. Kb1 Nxd4 11. e5 Nf5 12. exf6 Bxf6 13. Nxd5 Qxd5 14. Qxd5 Nxe3 15. Qd2 Nxd1 16. Qxd1 Be6 17. Bb5 Rfd8 18. Qe2 Rd6 19. Rd1 Rb6 20. b3 Rc8 21. Bd7 Rd8 22. Bxe6 Rxd1+ 23. Qxd1 Rxe6 24. c4 b6 25. b4 Rd6 26. Qa4 Rd2 27. a3 a5 28. c5 axb4 29. Qxb4 Rxg2 30. cxb6 Be5 31. a4 Rxh2 32. a5 Rh1+ 33. Kc2 Ra1 34. Qb5 Bd6 35. a6 1-0

[Event "PNWCC-Bulgaria Hybrid m3"]
[Site "Chess.com INT"]
[Date "2022.01.30"]
[Round "3"]
[White "Drenchev, Petar"]
[Black "Yoo, Christopher Woojin"]
[Result "1/2-1/2"]
[WhiteElo "2402"]
[BlackElo "2500"]
[PlyCount "84"]
[EventDate "2022.01.29"]
[EventType "team-match"]
[EventRounds "4"]
[EventCountry "USA"]
[SourceTitle "CBM 206 Extra"]
[Source "ChessBase"]
[SourceDate "2022.03.31"]
[SourceVersion "1"]
[SourceVersionDate "2022.03.31"]
[SourceQuality "1"]
[WhiteTeam "Bulgaria"]
[BlackTeam "PNWCC"]
[WhiteTeamCountry "BUL"]
[BlackTeamCountry "USA"]

1. d4 Nf6 2. c4 e6 3. Nc3 Bb4 4. e3 0-0 5. Bd3 d5 6. Nf3 c5 7. 0-0 cxd4 8. exd4 dxc4 9. Bxc4 Nc6 10. Bg5 h6 11. Bh4 Be7 12. Re1 b6 13. a3 Bb7 14. Ba2 Nh5 15. d5 Bxh4 16. Nxh4 Qxh4 17. Re4 Qg5 18. h4 Qg6 19. Rg4 Qf5 20. Bb1 Qe5 21. Re4 Qd6 22. Qxh5 exd5 23. Qxd5 Rad8 24. Qxd6 Rxd6 25. Ba2 Rd2 26. Re2 Rxe2 27. Nxe2 Rd8 28. Nc3 Rd2 29. Rd1 Rxd1+ 30. Nxd1 Ne5 31. b4 Kf8 32. f4 Ng4 33. Bc4 Ke7 34. Be2 Nf6 35. Kf2 Ne4+ 36. Ke3 Ng3 37. Bg4 h5 38. Bh3 Ne4 39. Kd4 g6 40. g4 hxg4 41. Bxg4 Nf6 42. Be2 Ne8 1/2-1/2

[Event "PNWCC-Bulgaria Hybrid m3"]
[Site "Chess.com INT"]
[Date "2022.01.30"]
[Round "4"]
[White "Yoo, Christopher Woojin"]
[Black "Drenchev, Petar"]
[Result "1/2-1/2"]
[WhiteElo "2500"]
[BlackElo "2402"]
[PlyCount "154"]
[EventDate "2022.01.29"]
[EventType "team-match"]
[EventRounds "4"]
[EventCountry "USA"]
[SourceTitle "CBM 206 Extra"]
[Source "ChessBase"]
[SourceDate "2022.03.31"]
[SourceVersion "1"]
[SourceVersionDate "2022.03.31"]
[SourceQuality "1"]
[WhiteTeam "PNWCC"]
[BlackTeam "Bulgaria"]
[WhiteTeamCountry "USA"]
[BlackTeamCountry "BUL"]

1. d4 Nf6 2. c4 g6 3. h4 c5 4. d5 e6 5. dxe6 fxe6 6. g3 d5 7. Bg2 Nc6 8. Nc3 d4 9. Ne4 Be7 10. Nh3 e5 11. Nhg5 Bf5 12. Nxf6+ Bxf6 13. Ne4 Be7 14. h5 Kd7 15. a3 Qg8 16. Qa4 Kc7 17. Bd2 Bd7 18. Qc2 a5 19. f4 gxh5 20. fxe5 Qg6 21. Bf4 Bf5 22. Bf3 h4 23. g4 Be6 24. Qd3 Rhf8 25. Nf6 Qxd3 26. exd3 Kb6 27. g5 h3 28. Bd5 Bxf6 29. exf6 h6 30. Bxe6 hxg5 31. Bxg5 Rae8 32. 0-0-0 Rxe6 33. Rdf1 Ne5 34. Rxh3 Nf7 35. Bf4 Kc6 36. Bh2 a4 37. Kd2 Kd7 38. Rh7 Ke8 39. Bg3 Rg8 40. Rg7 Kf8 41. Rxg8+ Kxg8 42. Bh4 Re3 43. Rg1+ Kf8 44. Rg3 Re5 45. Rf3 Rh5 46. Bg3 Nh8 47. Rf2 Kf7 48. Rh2 Rxh2+ 49. Bxh2 Ke6 50. Bb8 Ng6 51. Ba7 Kd6 52. f7 Nf8 53. Kc2 Nd7 54. b3 Ke7 55. bxa4 Kxf7 56. a5 Ke6 57. Bb6 Kd6 58. Bd8 Ne5 59. Bh4 Kd7 60. Bg3 Nf7 61. Kd2 Nd8 62. Ke2 Nc6 63. Be1 Ne5 64. a4 Ke6 65. Bd2 Kf5 66. Be1 Kg4 67. Bd2 Nc6 68. Bh6 Ne5 69. Bf8 Nd7 70. Bd6 Kf5 71. Kf3 Ke6 72. Bc7 Kf5 73. Kg3 Nf8 74. Kf3 Nd7 75. Bg3 Nf6 76. Bh2 Nd7 77. Bc7 Nf6 1/2-1/2

[Event "Sofia Accedia GM"]
[Site "Sofia"]
[Date "2021.10.25"]
[Round "3"]
[White "Van Dael, Siem"]
[Black "Drenchev, Petar"]
[Result "1/2-1/2"]
[WhiteElo "2385"]
[BlackElo "2393"]
[PlyCount "42"]
[EventDate "2021.10.23"]
[EventType "tourn"]
[EventRounds "9"]
[EventCountry "BUL"]
[EventCategory "6"]
[SourceTitle "CBM 204 Extra"]
[Source "ChessBase"]
[SourceDate "2021.11.30"]
[SourceVersion "1"]
[SourceVersionDate "2021.11.30"]
[SourceQuality "1"]

1. e4 c5 2. Nf3 d6 3. d4 cxd4 4. Nxd4 Nf6 5. Nc3 g6 6. Be3 Bg7 7. f3 Nc6 8. Qd2 0-0 9. 0-0-0 d5 10. Qe1 e5 11. Nxc6 bxc6 12. exd5 Nxd5 13. Bc4 Be6 14. Kb1 Rb8 15. Bb3 Qc7 16. Bc5 Rfd8 17. Ne4 a5 18. g4 h6 19. c4 Nf6 20. Rxd8+ Qxd8 21. Nxf6+ Bxf6 1/2-1/2

[Event "Sofia Accedia GM"]
[Site "Sofia"]
[Date "2021.10.24"]
[Round "2"]
[White "Drenchev, Petar"]
[Black "Lazov, Toni"]
[Result "1-0"]
[WhiteElo "2393"]
[BlackElo "2414"]
[PlyCount "93"]
[EventDate "2021.10.23"]
[EventType "tourn"]
[EventRounds "9"]
[EventCountry "BUL"]
[EventCategory "6"]
[SourceTitle "CBM 204 Extra"]
[Source "ChessBase"]
[SourceDate "2021.11.30"]
[SourceVersion "1"]
[SourceVersionDate "2021.11.30"]
[SourceQuality "1"]

1. c4 g6 2. Nc3 Bg7 3. g3 e5 4. Bg2 d6 5. d3 Nf6 6. Nf3 0-0 7. 0-0 a5 8. Rb1 c6 9. a3 Nbd7 10. b4 axb4 11. axb4 d5 12. cxd5 cxd5 13. e4 d4 14. Ne2 Re8 15. Ne1 Nb6 16. f4 Ng4 17. Nf3 exf4 18. gxf4 Ra2 19. Re1 Na4 20. Rb3 Qb6 21. Ra3 Nc3 22. Nxc3 dxc3+ 23. d4 Nf2 24. Qa4 Bd7 25. Qxd7 Rd8 26. Qxd8+ Qxd8 27. Rxa2 Nd3 28. Rd1 Bxd4+ 29. Kf1 Nxc1 30. Rxd4 Qb6 31. Rc2 Qb5+ 32. Kf2 Nd3+ 33. Kg3 Nxb4 34. Rxc3 Nc6 35. Rd7 h6 36. Rcd3 Qb1 37. e5 g5 38. R3d5 Qc1 39. fxg5 hxg5 40. e6 Qf4+ 41. Kf2 fxe6 42. Rxg5+ Kf8 43. Rh5 Kg8 44. Bh3 Qc4 45. Rh6 Qc5+ 46. Kg3 Ne7 47. Rxe6 1-0